000 00737nam a2200241Ia 4500
005 20230805113545.0
008 210716s2011 xx 000 0 und d
020 _a9788120349636
040 _cAIMIT LIBRARY
041 _aeng
082 _a346.07
_23
_bSULM
100 _aSulphey, M M.
_9129498
245 _aLaws for business /
_cBy M M Sulphey and Az-Har Basheer.
250 _a3rd ed.
260 _aNew Delhi :
_bPHI Learning private limited ,
_c2011.
300 _axxi,433p. ;
_bPB
_c24 cm.
650 _aBusiness Law
_9129499
651 _aLaw of contracts
_9129500
651 _aCorporate laws
_9129501
651 _aLabour legislations
_9129502
700 _aBasheer, Az-har.
_9129503
942 _2ddc
_cBK
_e3rd
_k346.07 SULM
999 _c209858
_d209858